Logo Biblioteca

Las cosas del decir / (Registro nro. 72)

Detalles MARC
000 -LEADER
fixed length control field 03353nam a22002417a 4500
003 - CONTROL NUMBER IDENTIFIER
control field OSt
005 - DATE AND TIME OF LATEST TRANSACTION
control field 20230913111155.0
008 - FIXED-LENGTH DATA ELEMENTS--GENERAL INFORMATION
fixed length control field 230912s2015 sp ||||| |||| 00| 0 spa d
020 ## - INTERNATIONAL STANDARD BOOK NUMBER
International Standard Book Number 9788434405691
040 ## - CATALOGING SOURCE
Language of cataloging spa
Transcribing agency besoc
100 1# - MAIN ENTRY--PERSONAL NAME
Personal name Calsamiglia, Helena
Dates associated with a name 1945-
Relator term autor
245 14 - TITLE STATEMENT
Title Las cosas del decir /
Statement of responsibility, etc. Helena Calsamiglia y Amparo Tusón ; prefacio de Teun A. van Dijk
250 ## - EDITION STATEMENT
Edition statement 3a ed.
260 ## - PUBLICATION, DISTRIBUTION, ETC.
Place of publication, distribution, etc. Barcelona :
Name of publisher, distributor, etc. Planeta,
Date of publication, distribution, etc. 2015
300 ## - PHYSICAL DESCRIPTION
Extent 391 p.
490 0# - SERIES STATEMENT
Series statement Ariel letras
505 ## - FORMATTED CONTENTS NOTE
Formatted contents note Prefacio -- Nota a la segunda edición -- Nota a la tercera edición-- Presentación --PRIMERA PARTE. CAPITULO 1. El análisis del discurso -- CAPITULO 2. El discurso oral -- CAPITULO 3. El discurso escrito -- SEGUNDA PARTE. CAPITULO 4. El contexto discursivo -- CAPITULO 5. Las personas del discurso -- CAPITULO 6. Las relaciones interpersonales, la cortesía y la modalización -- CAPITULO 7. Los fines discursivos y los procesos de interpretación -- TERCERA PARTE. CAPITULO 8. La textura discursiva -- CAPITULO 9. Los géneros discursivos y las consecuencias textuales -- CAPITULO 10. Los modos de organización del discurso -- CAPITULO 11. Decir el discurso: los registros y los procedimientos retóricos -- APENDICE --La obtención y el tratamiento de los datos -- Referencias bibliográficas -- Actualización bibliográfica -- Revistas de referencia -- Índice temático -- Índice de autores.-
520 ## - SUMMARY, ETC.
Summary, etc. En la actualidad, la formación lingüística exige una reflexión sistemática sobre el uso de la lengua, especialmente para los profesionales de la enseñanza, de la comunicación y traducción. Las cosas del decir pretende contribuir al conocimiento y y a la percepción del uso lingüístico tal como se da en los distintos ámbitos y contextos de la vida social. Recuperando la dignidad perdida del manual, presenta una síntesis panorámica de las distintas dimensiones que se han de considerar para abordar el estudio de los hechos comunicativos. Desde una perspectiva que integra las propuestas recientes más significativas de la pragmática, la lingüística textual, funcional y enunciativa y la sociolingüística textual, funcional y enunciativa y la sociolingüística de la interacción, el contenido se distribuye en tres partes. En la primera, se propone la concepción de discurso de la que se parte una reflexión sobre las características de las prácticas discursivas orales y escritas. En la segunda, se plantean los ejes básicos de conexión entre el uso lingüístico y los protagonistas, los fines y el contexto de los actos comunicativos . Y en la tercera, se desarrollan los aspectos que se refieren a la configuración verbal de los textos: su contenido, su sentido, su estructura y su adecuación. Se ha dedicado especial atención tanto a la introducción de los autores más representativos como a la presentación de muestras orales y escritas, con la intención de que pueda ser una obra útil tanto para iniciarse en las bases de la lingüística discursiva como para proporcionar instrumentos y técnicas para la recolección., el tratamiento, la descripción y el análisis de los textos orales y escritos. [Nota del editor]<br/>
654 #4 - SUBJECT ADDED ENTRY--FACETED TOPICAL TERMS
Focus term Análisis del discurso
700 ## - ADDED ENTRY--PERSONAL NAME
Personal name Tusón, Amparo
Relator term autor
700 1# - ADDED ENTRY--PERSONAL NAME
Personal name Dijk, Teun Adrianus van,
Dates associated with a name 1943-
Relator term autor de prefacio
942 ## - ADDED ENTRY ELEMENTS (KOHA)
Source of classification or shelving scheme Universal Decimal Classification
Koha item type Libro de préstamo a domicilio
Suppress in OPAC No
Existencias
Withdrawn status Lost status Source of classification or shelving scheme Damaged status Not for loan Collection Home library Current library Date acquired Total checkouts Full call number Barcode Date last seen Price effective from Koha item type
    Universal Decimal Classification     Colección General Biblioteca Escuela de Ciencias Sociales Biblioteca Escuela de Ciencias Sociales 12/09/2023   81'42 C334 Caja Lengua 000803 12/09/2023 12/09/2023 Libro de préstamo a domicilio
Biblioteca de la Escuela Preuniversitaria en Ciencias Sociales y Humanísticas.
Riobamba 250 bis.
CP 2000 - Rosario - Santa Fe
E-Mail: biblioteca@esociales.unr.edu.ar